000 00469 a2200193 4500
001 066021
003 OSt
005 20251212122528.0
008
082 _a801.950904
_bE38L
100 1 _aEdgleton
245 1 _aLiterary theory
_cby Terry Edgleton
260 _aUSA
_bBlackwell Publishing
_c2008
300 _a234p.
546 _aEnglish
690 _aCriticism; Literature--Theory, etc
700 _4 Terry
942 _2ddc
_cBK
999 _c230
_d230